LEADER 01176nam a2200325 i 4500 001 991001352079707536 005 20020507191911.0 008 990304s1997 de ||| | eng 020 $a3540635378 035 $ab1083557x-39ule_inst 035 $aLE01310959$9ExL 040 $aDip.to Matematica$beng 082 0 $a515.353 084 $aAMS 35A15 084 $aAMS 35A40 084 $aAMS 65N99 100 1 $aNeuberger, John W.$0441033 245 10$aSobolev gradients and differential equations /$cJohn W. Neuberger 260 $aBerlin :$bSpringer-Verlag,$cc1997 300 $aviii, 149 p. :$bill. ;$c24 cm. 490 0 $aLecture notes in mathematics,$x0075-8434 ;$v1670 500 $aIncludes bibliographical references and index 650 4$aDifferential equations-numerical solutions 650 4$aSobolev gradients 907 $a.b1083557x$b23-02-17$c28-06-02 912 $a991001352079707536 945 $aLE013 35A NEU11 (1997)$g1$i2013000115924$lle013$o-$pE0.00$q-$rl$s- $t0$u0$v0$w0$x0$y.i10945143$z28-06-02 996 $aSobolev gradients and differential equations$978127 997 $aUNISALENTO 998 $ale013$b01-01-99$cm$da $e-$feng$gde $h0$i1